000 00197nam a2200085Ia 4500
008 120527s9999 xx 000 0 und d
100 _aReichenbach
245 _aThe Theory of Probability
942 _cBK
999 _c27872
_d27872